Information security and privacy. 7th Australasian conference : Proceedings. ACISP 2002. Melbourne, Australia. 3.- 5. July 2002 /

Uložené v:
Podrobná bibliografia
Ďalší autori: Batten, Lynn (Zostavovateľ, kompilátor), Seberry, Jennifer (Zostavovateľ, kompilátor)
Médium: Kniha
Jazyk:English
Vydavateľské údaje: Berlin : Springer Verlag, 2002
Predmet:
Tagy: Pridať tag
Žiadne tagy, Buďte prvý, kto otaguje tento záznam!

MARC

LEADER 00000nam a22000003a 4500
001 stu91458
005 20150617225623.7
008 041110s2002----gw------------------eng-d
020 |a 3-540-43861-0 
040 |a STU  |b slo 
041 0 |a eng 
044 |a gw 
080 |a 681.32.01.004.4 
080 |a 519.72 
080 |a 061.3(08) 
084 |a B6120D  |2 INS 
084 |a C0230  |2 INS 
084 |a C1260C  |2 INS 
084 |a C6130S  |2 INS 
084 |a D1060  |2 INS 
100 1 |a Batten, Lynn  |4 com 
245 1 |a Information security and privacy. 7th Australasian conference :  |b Proceedings. ACISP 2002. Melbourne, Australia. 3.- 5. July 2002 /  |c Ed.: Batten, L., Seberry, J. 
260 |a Berlin :  |b Springer Verlag,  |c 2002 
300 |a 511 s 
650 7 |a bezpečnosť počítačových systémov  |2 stusub 
650 7 |a počítačové siete  |2 stusub 
650 7 |a zabezpečenie dát  |2 stusub 
650 7 |a ochrana dát  |2 stusub 
650 7 |a verejné kľúčovacie systémy  |2 stusub 
650 7 |a kryptoanalýza  |2 stusub 
650 7 |a kryptografia  |2 stusub 
650 7 |a elektronický obchod  |2 stusub 
650 7 |a elektronický podpis  |2 stusub 
700 1 |a Seberry, Jennifer  |4 com 
996 |b 284EK85393  |c E*85393  |l EE22  |s P  |a 0  |w stu91458_0001